Воронежские епархиальные ведомости. [Г.38] 1903, №24 (Запись № 2036899)

Подробности
000 -МАРКЕР
контрольное поле 01818nam2a22002771 4500
001 - ИДЕНТИФИКАТОР ЗАПИСИ
контрольное поле RU\NLR\INFOCOMM17\1000375781
005 - ИДЕНТИФИКАТОР ВЕРСИИ
контрольное поле 20250617151217.0
035 ## - ДРУГИЕ СИСТЕМНЫЕ НОМЕРА
Идентификатор записи (NLR Aleph) 002739134
100 ## - ДАННЫЕ ОБЩЕЙ ОБРАБОТКИ
Данные общей обработки 20040123d1903 |||y0rusy50 ca
101 0# - ЯЗЫК РЕСУРСА
Язык текста, звукозаписи и т.д. русский
102 ## - СТРАНА ПУБЛИКАЦИИ ИЛИ ПРОИЗВОДСТВА
Страна публикации Российская Федерация
105 ## - ПОЛЕ КОДИРОВАННЫХ ДАННЫХ: ТЕКСТОВЫЕ МАТЕРИАЛЫ, МОНОГРАФИЧЕСКИЕ
Кодированные данные о монографическом текстовом документе y |||||||||
200 0# - ЗАГЛАВИЕ И СВЕДЕНИЯ ОБ ОТВЕТСТВЕННОСТИ
Основное заглавие [Г.38] 1903, №24
210 ## - ПУБЛИКАЦИЯ, РАСПРОСТРАНЕНИЕ И ДР.
Дата издания, распространения и т.д. 1903
Место издания, распространения и т.д. Б. м.
320 ## - ПРИМЕЧАНИЯ О НАЛИЧИИ В ДОКУМЕНТЕ БИБЛИОГРАФИИ / УКАЗАТЕЛЯ
Текст примечания С указ. к неофиц. части
421 #0 - ПРИЛОЖЕНИЕ
Встроенное поле 2001#$aПохвальное слово святому Митрофану, первому епископу Воронежскому и чудотворцу$fЗверев, С.Е.
-- 700#1$aЗверев$bС.Е.
-- 210##$aВоронеж$d1903
-- 309##$aПрипл.
Заглавие Похвальное слово святому Митрофану, первому епископу Воронежскому и чудотворцу
Автор Зверев, С.Е.
461 #0 - УРОВЕНЬ НАБОРА
Встроенное поле 001RU\NLR\INFOCOMM17\1000374869
-- 2001#$aВоронежские епархиальные ведомости$v[Г.38] 1903, №24
Системный номер (АБИС) связанной записи 2447871
Место публикации Воронеж
Дата публикации 1866-1917
Заглавие Воронежские епархиальные ведомости
Номер тома [Г.38] 1903, №24
481 #0 - ТАКЖЕ В ЭТОМ ПЕРЕПЛЕТЕ
Встроенное поле 001v19\rc\1759241
Системный номер (АБИС) связанной записи 5004822
Автор Зверев, С.Е. (1860-1920)
Место публикации Воронеж
Дата публикации 1903
Издание 2-е изд.
Первые сведения об ответственности [Законоучитель Михайл. Воронеж. кадет. корпуса, свящ. Стефан Зверев]
Имя издателя, распространителя и т.д. т-во "Печатня С.П. Яковлева"
Сведения, относящиеся к заглавию К 200-летию блаж. кончины св. Митрофана
Физическая характеристика 24 с.
Заглавие Похвальное слово святому Митрофану, первому епископу Воронежскому и чудотворцу
801 #1 - ИСТОЧНИК ЗАПИСИ
Страна Российская Федерация
Организация InfoComm
Дата составления 20040123
801 #0 - ИСТОЧНИК ЗАПИСИ
Страна Российская Федерация
Организация NLR
Правила каталогизации PSBO
852 ## - МЕСТОНАХОЖДЕНИЕ И ШИФР ХРАНЕНИЯ
Идентификатор организации NLR
Шифр хранения (Call Number) 5/9
942 ## - ДОПОЛНИТЕЛЬНЫЕ ЭЛЕМЕНТЫ ЗАПИСИ (АБИС)
Тип экземпляра АБИС Выпуск
980 ## - КОЛЛЕКЦИЯ
Название коллекции Национальная библиография
980 ## - КОЛЛЕКЦИЯ
Название коллекции Русская периодика

Нет доступных экземпляров.